Fundamental Principles of University Physics: Mechanics and Properties of Matter for Science/ (Record no. 200)
[ view plain ]
| 000 -LEADER | |
|---|---|
| fixed length control field | 00585nam a22001577a 4500 |
| 008 - FIXED-LENGTH DATA ELEMENTS--GENERAL INFORMATION | |
| fixed length control field | 260327b |||||||| |||| 00| 0 eng d |
| 020 ## - INTERNATIONAL STANDARD BOOK NUMBER | |
| International Standard Book Number | 9783298585 |
| 100 ## - MAIN ENTRY--PERSONAL NAME | |
| Personal name | Ike, Emeka.I |
| Dates associated with a name | IKE.E.E 2016 |
| Language of a work | English |
| 245 ## - TITLE STATEMENT | |
| Title | Fundamental Principles of University Physics: Mechanics and Properties of Matter for Science/ |
| Remainder of title | for Science, Engineering and Medical Students. |
| Statement of responsibility, etc. | Emeka E.Ike. |
| 250 ## - EDITION STATEMENT | |
| Edition statement | 2nd edition. |
| 260 ## - PUBLICATION, DISTRIBUTION, ETC. | |
| Place of publication, distribution, etc. | JOS. |
| Name of publisher, distributor, etc. | ENIC PUBLICATION, jOS. |
| Date of publication, distribution, etc. | 2016.XI |
| 300 ## - PHYSICAL DESCRIPTION | |
| Extent | xi;381p.including Bibliographics and indexs. |
| Dimensions | 21cm. |
| 500 ## - GENERAL NOTE | |
| Institution to which field applies | KKU LIBRARY. |
| 942 ## - ADDED ENTRY ELEMENTS (KOHA) | |
| Source of classification or shelving scheme | Library of Congress Classification |
No items available.
